[Event "AUT-chT 9596"]
[Site "Austria"]
[Date "1996.??.??"]
[Round "?"]
[White "Horvath, Csaba"]
[Black "Bukacek, Emil"]
[Result "1-0"]
[WhiteElo "2540"]
[BlackElo "2320"]
[PlyCount "107"]
[EventDate "1995.??.??"]
[EventType "team"]
[EventRounds "11"]
[EventCountry "AUT"]
[SourceTitle "CBM 052 Extra"]
[Source "ChessBase"]
[SourceDate "1996.07.01"]
[SourceVersion "1"]
[SourceVersionDate "1996.07.01"]
[SourceQuality "1"]

1. d4 f5 2. g3 c6 3. Bg2 d6 4. Nc3 d5 5. Nf3 Nf6 6. 0-0 e6 7. Bg5 Be7 8. e3 0-0 9. Ne2 h6 10. Bxf6 Bxf6 11. Nf4 Qe8 12. c4 Nd7 13. Qc2 g5 14. Nd3 Rf7 15. b4 h5 16. a4 g4 17. Nd2 h4 18. b5 Nf8 19. Rfc1 hxg3 20. hxg3 Nh7 21. a5 a6 22. bxc6 bxc6 23. Rab1 Ng5 24. Qa4 Bd7 25. Nc5 Bd8 26. Rb7 Bc8 27. Rxf7 Kxf7 28. Nd3 Bf6 29. Rb1 Ne4 30. Nxe4 dxe4 31. Rb6 Ra7 32. Nc5 Bd8 33. Rxc6 Be7 34. Rb6 Qxa4 35. Nxa4 Bd8 36. Rb8 Bd7 37. Rxd8 Bxa4 38. Rd6 Rb7 39. Rxa6 Rb1+ 40. Kh2 Bd1 41. c5 Ra1 42. Ra7+ Ke8 43. a6 Kd8 44. Ra8+ Kc7 45. a7 Kb7 46. Re8 Kxa7 47. Rxe6 Bf3 48. Bxf3 exf3 49. e4 f4 50. Rg6 Rf1 51. Rxg4 Rxf2+ 52. Kh3 fxg3 53. Kxg3 Rd2 54. d5 1-0

[Event "AUT-chT2O 9697"]
[Site "Austria"]
[Date "1996.??.??"]
[Round "7"]
[White "Humer, Wolfgang"]
[Black "Bukacek, Emil"]
[Result "0-1"]
[WhiteElo "2285"]
[BlackElo "2320"]
[PlyCount "67"]
[EventDate "1996.??.??"]
[EventType "team"]
[EventRounds "11"]
[EventCountry "AUT"]
[SourceTitle "EXT 1998"]
[Source "ChessBase"]
[SourceDate "1997.11.17"]
[SourceVersion "1"]
[SourceVersionDate "1997.11.17"]
[SourceQuality "1"]

1. Nf3 f5 2. c4 Nf6 3. d4 g6 4. g3 Bg7 5. Bg2 0-0 6. 0-0 d6 7. Nc3 c6 8. b3 Na6 9. Bb2 Qe8 10. d5 Bd7 11. Nd4 Rc8 12. Qd2 Nc5 13. f3 e5 14. dxc6 bxc6 15. Nc2 Nb7 16. Rad1 Be6 17. Qe3 Rf7 18. Nb4 a5 19. Nd3 Nh5 20. Qd2 Rd7 21. Na4 Rdd8 22. Qe1 Bf7 23. e4 Rc7 24. Nb6 fxe4 25. fxe4 Nf6 26. Kh1 Nd7 27. Na4 Nf8 28. Bc1 Ne6 29. Nf2 Nd4 30. Bg5 Qf8 31. Ng4 h6 32. Nf6+ Bxf6 33. Rxf6 Re7 34. Qd2 0-1

[Event "AUT-chT 9596"]
[Site "Austria"]
[Date "1996.??.??"]
[Round "?"]
[White "Moser, Guenter"]
[Black "Bukacek, Emil"]
[Result "1/2-1/2"]
[WhiteElo "2325"]
[BlackElo "2320"]
[PlyCount "45"]
[EventDate "1995.??.??"]
[EventType "team"]
[EventRounds "11"]
[EventCountry "AUT"]
[SourceTitle "CBM 052 Extra"]
[Source "ChessBase"]
[SourceDate "1996.07.01"]
[SourceVersion "1"]
[SourceVersionDate "1996.07.01"]
[SourceQuality "1"]

1. d4 Nf6 2. Bg5 Ne4 3. Be3 d5 4. f3 Nf6 5. c3 e6 6. Nd2 Be7 7. Bf2 b6 8. Qc2 c5 9. e3 Nc6 10. Bb5 Bb7 11. g4 a6 12. Bxc6+ Bxc6 13. Bg3 Nd7 14. h4 b5 15. Ne2 Rc8 16. a3 a5 17. Kf2 Qb6 18. Rhc1 0-0 19. b3 Bb7 20. Qb2 f6 21. b4 axb4 22. axb4 c4 23. f4 1/2-1/2

[Event "AUT-chT 9495"]
[Site "Austria"]
[Date "1995.??.??"]
[Round "?"]
[White "Bukacek, Emil"]
[Black "Brestian, Egon"]
[Result "0-1"]
[WhiteElo "2325"]
[BlackElo "2440"]
[PlyCount "54"]
[EventDate "1994.??.??"]
[EventType "team"]
[EventRounds "11"]
[EventCountry "AUT"]
[SourceTitle "CBM 045 Extra"]
[Source "ChessBase"]
[SourceDate "1995.05.01"]
[SourceVersion "1"]
[SourceVersionDate "1995.05.01"]
[SourceQuality "1"]

1. e4 c6 2. d4 d5 3. Nc3 dxe4 4. Nxe4 Nf6 5. Nxf6+ exf6 6. Bc4 Be7 7. c3 0-0 8. Nf3 Bg4 9. h3 Bh5 10. 0-0 Bd6 11. a4 Nd7 12. a5 Rc8 13. b4 Re8 14. Qb3 Bxf3 15. Bxf7+ Kh8 16. gxf3 Nf8 17. Bd2 Re2 18. Rfd1 Qd7 19. Kg2 Re7 20. Bc4 Ng6 21. Rh1 Nh4+ 22. Kf1 Qf5 23. Qd1 Rce8 24. f4 Qe4 25. Rg1 Nf3 26. Rg2 Bxf4 27. Bxf4 Qe1+ 0-1